000 00846nam a2200265 i 4500
003 EG-GICUC
005 20260421121643.0
008 260421s1953 fre||||fr|||| 00| 0 fre d
040 _aEG-GiCUC
_bfre
_cEG-GiCUC
_dEG-GiCUC
_eRda
082 0 4 _221
_a343
_bPR.
092 0 4 _221
099 _aLaw1 10 343 PR 1953
245 0 3 _aLa Probation et les mesures analogues /
264 _aFrance :
_bAdministrative Printing,
_c1953.
300 _a437 page :
_c 24 cm.
336 _2rda contenu
_a texte
337 _2rda medias
_aOrdinateur
338 _2 transporteur rda
_a Ressource en ligne
504 _aComprend des références bibliographiques et un index.
650 1 _aSciences Criminelles
_2qrmak
651 1 _2qrmak
856 4 0 _uhttps://fll.law.cu.edu.eg/fulltext/bks/B10-10067.pdf
905 _a168
_eEman
942 _2ddc
_cBK
_e21
_n0
999 _c72533
_d72533